Statistics for 5 Biggest Cities : Zambia

Click here to take the quiz!

General Stats

  • This quiz has been taken 14 times
  • The average score is 3 of 5

Answer Stats

Rank City % Correct
1Lusaka
100%
2Kitwe
67%
3Ndola
67%
4Kabwe
50%
5Chingola
25%

Score Distribution

Percentile by Number Answered

Percent of People with Each Score

Your Score History

You have not taken this quiz